| 000 | 00523nam a2200169 i 4500 | ||
|---|---|---|---|
| 001 | 24261 | ||
| 003 | ES-MaACL | ||
| 005 | 20230906153022.0 | ||
| 007 | t| | ||
| 008 | 021216s1971 sp ||||1| spa d | ||
| 245 | 0 | 0 |
_aAmplificadores magnéticos de autosaturación / _cGordon E. Lynn ; [Traducción de Miguel Molinos]. |
| 260 |
_aMadrid : _bParaninfo, _c1971. |
||
| 300 |
_a298 p. : _b3 gráf. ; _c22 cm. |
||
| 700 | 1 |
_aLynn, Gordon E. _974942 |
|
| 700 | 1 |
_aMolinos, Miguel. _982013 |
|
| 852 |
_aES-MaACL _jC-45606 _bR.78834 |
||
| 999 |
_c24261 _d24261 |
||